| 000 | 01005cam a22003254a 4500 | ||
|---|---|---|---|
| 001 | 15410787 | ||
| 003 | OSt | ||
| 005 | 20140310182747.0 | ||
| 008 | 080813s2009 ilu 000 0 eng | ||
| 010 | _a 2008935135 | ||
| 020 | _a0071608702 (pbk. : alk. paper) | ||
| 040 |
_aDLC _cDLC _dDLC |
||
| 050 | 0 | 0 |
_aPE 1271 _b.Sw976 2009 |
| 082 |
_aM 425 _bS976 2009 |
||
| 100 | 1 | _aSwick, Edward. | |
| 245 | 1 | 0 |
_aEnglish verb drills / _cSwick, Ed |
| 250 | _a1st ed. | ||
| 260 |
_aChicago, IL : _bMcGraw-Hill, _cc2009. |
||
| 300 |
_av, 202 p. ; _c28 cm. |
||
| 490 | 0 | _aVerb drills | |
| 521 | _acollege students | ||
| 526 | _c1210L-1700L | ||
| 541 | _j1 | ||
| 562 | _efor circulation. 1 copy available in the collection | ||
| 650 | 0 |
_aEnglish language _xVerb _vProblems, exercises, etc. |
|
| 650 | 0 |
_aEnglish language _vTextbooks for foreign speakers. |
|
| 906 |
_a7 _bcbc _corignew _d2 _eepcn _f20 _gy-gencatlg |
||
| 942 |
_2lcc _cBK _kM |
||
| 999 |
_c15673 _d15673 |
||